000 00398nam a2200121Ia 4500
008 220217s9999 xx 000 0 und d
245 0 _aMethods of test for natural rubber latex. Part 10. Determination of boric acid [NRL: 17]
260 _aNew Delhi
260 _c1986
_bIndian Standards Institution
500 _aStandard number: IS 3708 (Part 10)
650 _aRubber latex, natural
942 _cST
999 _c73748
_d73748